000 01670cam a2200337 a 4500
001 78188
003 BD-RjUL
005 20211209083111.0
008 210409s1996 vau b 001 0 arao
020 _a1565642244 (pbk.)
020 _a1565642236 (hard)
035 _a(BD-RjUL)78414
040 _aDLC
_cDLC
_dDLC
_beng
041 _aara
082 0 0 _223
_a297.7409
_bBAM 1996
100 1 _aبرغوث ، اطيب.;; Barghūth, al-Ṭayyib.
_9246880
245 1 0 _aمنهج النبي صلى الله عليه الصلاة والسلام في حماية الدعوة منجزاتها خلالة الفترة المكية;; Manhaj al-Nabī fī ḥimāyat al-daʻwah wa-al-muḥāfaẓah ʻalá munjazātihā khilāla al-fatrah al-Makkīyah /
_cالطيب برغوث. ;; al-Ṭayyib Barghūth.
250 _aal-Ṭabʻah 1.
260 _aHīrindun, Fīrjīniyā, al-Wilāyāt al-Muttaḥidah al-Amrīkīyah :
_bal-Maʻhad al-ʻĀlamī lil-Fikr al-Islāmī,
_c1996.
300 _a530 p. ;
_c23 cm.
490 1 _aSilsilat al-Rasāʼil al-jāmiʻīyah ;
_v17
490 1 _aسلسلة الرسائل الجماعية. ;
_v١٧
500 _aOriginally presented as the author's thesis (master's)--Jāmiʻat al-Amīr ʻAbd al-Qādir lil-ʻUlūm al-Islāmīyah, Qusanṭīnah, al-Jazāʼir, 1992.
504 _aIncludes bibliographical references (p. 477-489) and indexes.
600 0 0 _aMuḥammad,
_cProphet,
_d-632
_xPolitical activity.
_9246885
650 0 _aDaʻwah (Islam)
_xHistory.
_9246155
830 0 _aSilsilat al-Rasāʼil al-jāmiʻīyah (Herndon, Va.) ;
_v17.
_9246886
942 _2ddc
_cBK
999 _c78188
_d78188